New parade 5 / (Registro nro. 10243)
[ vista simple ]
| 000 -LEADER | |
|---|---|
| fixed length control field | 00719nam a22002177a 4500 |
| 001 - CONTROL NUMBER | |
| control field | 000045180 |
| 003 - CONTROL NUMBER IDENTIFIER | |
| control field | DO-SdBNP |
| 005 - DATE AND TIME OF LATEST TRANSACTION | |
| control field | 20160531142759.0 |
| 008 - FIXED-LENGTH DATA ELEMENTS--GENERAL INFORMATION | |
| fixed length control field | 160531b 2000 nyu xxu||||| |||| 00| 0 spa d |
| 020 ## - INTERNATIONAL STANDARD BOOK NUMBER | |
| International Standard Book Number | 0201604310 |
| 040 ## - CATALOGING SOURCE | |
| Original cataloging agency | BPMSU |
| Language of cataloging | spa |
| Transcribing agency | BPMSU |
| 092 ## - LOCALLY ASSIGNED DEWEY CALL NUMBER (OCLC) | |
| Classification number | BPMSU |
| Item number | spa |
| Feature heading | BPMSU |
| 100 1# - MAIN ENTRY--PERSONAL NAME | |
| Personal name | Herrera Salazar, Mario |
| 245 ## - TITLE STATEMENT | |
| Title | New parade 5 / |
| Statement of responsibility, etc. | senior authors, Mario Herrera, Theresa Zanatta ; consulting authors Anna Uhl Chamot, Carolyn Kessler writer Elizabeth Claire. |
| 260 ## - PUBLICATION, DISTRIBUTION, ETC. (IMPRINT) | |
| Place of publication, distribution, etc. | White Plains, NY : |
| Name of publisher, distributor, etc. | Longman, |
| Date of publication, distribution, etc. | 2000. |
| 300 ## - PHYSICAL DESCRIPTION | |
| Extent | v. : |
| Other physical details | il. ; |
| Dimensions | 28 cm. |
| 700 1# - ADDED ENTRY--PERSONAL NAME | |
| Personal name | Zanatta, Theresa |
| 700 1# - ADDED ENTRY--PERSONAL NAME | |
| Personal name | Claire, Elizabeth |
| 942 ## - ADDED ENTRY ELEMENTS (KOHA) | |
| Source of classification or shelving scheme | Dewey Decimal Classification |
| Koha item type | Libros |
| 956 ## - LOCAL ELECTRONIC LOCATION AND ACCESS (OCLC) | |
| Access method | LOPEREZ |
| Materials specified | 10 |
| Linkage | 20160531 |
| Field link and sequence number | BPMSU |
| Host name | 00041 |
| Withdrawn status | Lost status | Source of classification or shelving scheme | Damaged status | Not for loan | Collection code | Home library | Current library | Date acquired | Source of acquisition | Total Checkouts | Barcode | Date last seen | Copy number | Price effective from | Koha item type |
|---|---|---|---|---|---|---|---|---|---|---|---|---|---|---|---|
| Dewey Decimal Classification | Biblioteca Pública Metropolitana Salomé Ureña | Biblioteca Pública Metropolitana Salomé Ureña | 05/31/2016 | Donación | BPMSU16050475 | 05/31/2016 | ej. 1 | 05/31/2016 | Libros |